La Pérdida de la Mansión Dorada : (Record no. 39802)
[ view plain ]
| 000 -CABECERA | |
|---|---|
| campo de control de longitud fija | 00706nam a2200157 a 4500 |
| 001 - NÚMERO DE CONTROL | |
| campo de control | 000040312 |
| 005 - FECHA Y HORA DE LA ÚLTIMA TRANSACCIÓN | |
| campo de control | 20201002034042.0 |
| 008 - DATOS DE LONGITUD FIJA--INFORMACIÓN GENERAL | |
| campo de control de longitud fija | 130821s2010 mx 000 0 spa d |
| 020 ## - NÚMERO INTERNACIONAL ESTÁNDAR DEL LIBRO | |
| Número Internacional Estándar del Libro | 9786070220418 |
| 040 ## - FUENTE DE LA CATALOGACIÓN | |
| Centro catalogador/agencia de origen | DO-SdBNP |
| Lengua de catalogación | spa |
| Centro/agencia transcriptor | BNPHU |
| 100 1# - ENTRADA PRINCIPAL--NOMBRE DE PERSONA | |
| Nombre de persona | Rangel Guerra, Alfonso |
| 9 (RLIN) | 66600 |
| 245 13 - MENCIÓN DE TÍTULO | |
| Título | La Pérdida de la Mansión Dorada : |
| Resto del título | notas sobre olvidado poema de Alfonso Reyes : discurso de ingreso a la Academia Mexicana de la Lengua, 23 de abril del 2009 / |
| Mención de responsabilidad, etc. | Alfonso Rangel Guerra ; respuesta de Adolfo Castañón. |
| 260 ## - PUBLICACIÓN, DISTRIBUCIÓN, ETC. | |
| Lugar de publicación, distribución, etc. | México : |
| Nombre del editor, distribuidor, etc. | Dirección General de Publicaciones y Fomento Editorial : |
| -- | Academia Mexicana de la Lengua, |
| Fecha de publicación, distribución, etc. | 2010. |
| 300 ## - DESCRIPCIÓN FÍSICA | |
| Extensión | 76 p. ; |
| Dimensiones | 18 cm. |
| 700 1# - PUNTO DE ACCESO ADICIONAL--NOMBRE DE PERSONA | |
| Nombre de persona | Castañón Adolfo |
| 9 (RLIN) | 27667 |
| Estado de retiro | Estado de pérdida | Restricciones de uso | No para préstamo | Código de colección | Localización permanente | Ubicación/localización actual | Ubicación en estantería | Fecha de adquisición | Número de inventario | Total de préstamos | Signatura topográfica completa | Código de barras | Fecha visto por última vez | Número de copia | Precio válido a partir de | Tipo de ítem Koha |
|---|---|---|---|---|---|---|---|---|---|---|---|---|---|---|---|---|
| Excluido de préstamo | Monografías: Libros y Folletos | General | General | En catalogación | 21.08.2013 | LF1 | 40312-10 | 25.06.2020 | e. 3 | 25.06.2020 | No se presta | |||||
| Excluido de préstamo | Monografías: Libros y Folletos | General | General | En catalogación | 21.08.2013 | LF1 | 40312-20 | 25.06.2020 | 25.06.2020 | No se presta | ||||||
| Excluido de préstamo | Monografías: Libros y Folletos | General | General | En catalogación | 21.08.2013 | LF1 | 40312-30 | 25.06.2020 | e. 2 | 25.06.2020 | No se presta |
